Nadar entre tiburones / (Record no. 183554)

MARC details
000 -LEADER
campo de control de longitud fija 00814nam a2200253 i 4500
001 - NÚMERO DE CONTROL
campo de control 183554
003 - IDENTIFICADOR DE NÚMERO DE CONTROL
campo de control ES-MaACL
005 - FECHA Y HORA DE LA ÚLTIMA TRANSACCIÓN
campo de control 20231213210245.0
008 - DATOS DE LONGITUD FIJA--INFORMACIÓN GENERAL
campo de control de longitud fija 140718s2013 sp | |||||||| | spa d
020 ## - NÚMERO INTERNACIONAL ESTÁNDAR DEL LIBRO
Número Internacional Estándar del Libro 978-84-941115-8-7
080 ## - NÚMERO DE LA CLASIFICACIÓN DECIMAL UNIVERSAL
Número de la Clasificación Decimal Universal 821.134.2-14"19"
100 1# - ENTRADA PRINCIPAL--NOMBRE DE PERSONA
Nombre de persona Edgerton, Mills F. (
Fechas asociadas al nombre 1931-)
9 (RLIN) 155012
245 10 - MENCIÓN DEL TÍTULO
Título Nadar entre tiburones /
Mención de responsabilidad, etc. Mills Fox Edgerton.
260 ## - PUBLICACIÓN, DISTRIBUCIÓN, ETC.
Lugar de publicación, distribución, etc. Madrid :
Nombre del editor, distribuidor, etc. Cuadernos del Laberinto,
Fecha de publicación, distribución, etc. 2013.
300 ## - DESCRIPCIÓN FÍSICA
Extensión 155 p. ;
Dimensiones 22 cm.
490 1# - MENCIÓN DE SERIE
Mención de serie Anaquel de poesía ;
Designación de volumen o secuencia 28
500 ## - NOTA GENERAL
Nota general Prólogo de Miguel Losada.
700 1# - ENTRADA AGREGADA--NOMBRE PERSONAL
Nombre de persona Losada, Miguel
9 (RLIN) 74261
830 0# - PUNTO DE ACCESO ADICIONAL DE SERIE-TÍTULO UNIFORME
Título uniforme Anaquel de poesía ;
Designación de volumen o secuencia 28
9 (RLIN) 186826
852 ## - LOCALIZACIÓN
Ubicación ES-MaACL
Número de control de estantería A-13166
itemnumber 190496
Sublocalización o colección R. 150050
Ubicación en estantería Depósito 1
Signatura antigua Olim: N-6166
942 ## - ELEMENTOS DE ENTRADA SECUNDARIOS (KOHA)
Fuente del sistema de clasificación o colocación Clasificación decimal universal
Tipo de ítem Koha Libro impreso
Holdings
Estatus retirado Estado de pérdida Fuente del sistema de clasificación o colocación Estado de daño No para préstamo Biblioteca de origen Biblioteca actual Ubicación en estantería Fecha de adquisición Fuente de adquisición Total de préstamos Signatura topográfica completa Código de barras Visto por última vez Precio de reemplazo Tipo de ítem Koha
    Clasificación decimal universal     Biblioteca del Ateneo de Madrid Biblioteca del Ateneo de Madrid Depósito 1 18/07/2014 Donación   A-13166 1192935 23/02/2023 23/02/2023 Libro impreso